| 000 | 00360nam a2200145Ia 4500 | ||
|---|---|---|---|
| 008 | 150201s1995 xx 000 0 und d | ||
| 082 |
_a617.525 _bP1995M |
||
| 100 | _aMOORE,J.R | ||
| 245 | _aPRINCIPLES OF ORAL SURGERY | ||
| 250 | _a1ST | ||
| 260 |
_bJAYPEE MEDICAL PUBLISHER _aDELHI _c1995 |
||
| 300 | _aJan-75 | ||
| 650 | _aORAL SURGERY | ||
| 942 |
_2ddc _cBK _02 |
||
| 999 |
_c3020 _d3020 |
||